Catalog

Record Details

Catalog Search



A world of difference : gender roles in perspective  Cover Image Book Book

A world of difference : gender roles in perspective / Esther R. Greenglass

Record details

  • ISBN: 0471798622
  • ISBN: 0471799491
  • Physical Description: xi, 356 p. : ill. ; 24 cm
  • Publisher: Toronto : J. Willey, 1982

Content descriptions

Bibliography, etc. Note:
Bibliogr.: p. 267-332

Available copies

  • 1 of 1 copy available at Common Catalog SPOK.

Holds

  • 0 current holds with 1 total copy.
Show Only Available Copies
Location Call Number / Copy Notes Barcode Shelving Location Status Due Date
Jabok Library Soc-1.8.6 424480008608 Odborná literatura Available -

LDR 00710nam a22002413a 4500
001133
003CZ-PrJAB
00520190325101500.0
007ta
008830822s1982 onca b 1|0 eng d
020 . ‡a0471798622
020 . ‡a0471799491
040 . ‡aCaQQLA ‡bfre ‡dABG312
072 7. ‡a316.4/.7 ‡xSociální interakce. Sociální komunikace ‡2Konspekt ‡918
1001 . ‡aGreenglass, Esther R., ‡d1940- ‡4aut
24512. ‡aA world of difference : ‡bgender roles in perspective / ‡cEsther R. Greenglass
260 . ‡aToronto : ‡bJ. Willey, ‡c1982
300 . ‡axi, 356 p. : ‡bill. ; ‡c24 cm
504 . ‡aBibliogr.: p. 267-332
6530 . ‡agender ‡asexualita ‡apsychopatologie
910 . ‡aABG312
995 . ‡aska
901 . ‡a133 ‡bUnknown ‡c133 ‡tbiblio

Additional Resources